| 000 | 00640nam a22002057a 4500 | ||
|---|---|---|---|
| 005 | 20250122170415.0 | ||
| 008 | 250122b |||||||| |||| 00| 0 eng d | ||
| 020 | _a9781292018225 | ||
| 050 |
_aHF5686 _b.C8H59 HOR |
||
| 100 | _aHorngren Charles T. | ||
| 245 |
_aCost Accounting: _bA Managerial Emphasis/ _cCharles T. Horngren, Srikant M. Datar & Madhav V. Rajan |
||
| 250 | _a15th Ed. | ||
| 260 |
_aBoston _bPearson Education Ltd. _c2015 |
||
| 300 |
_a960p. _bill. col. _c27.5 cm x 21.5 cm |
||
| 500 | _aIncludes Index | ||
| 650 | _2Accounting | ||
| 700 | _aDatar Srikant M. | ||
| 700 | _aRajan Madhav V. | ||
| 942 |
_2lcc _cBK _e15th Ed. _n0 |
||
| 999 |
_c2835 _d2835 |
||